000 00284 a2200145 4500
001 174221
020 _a
040 _cMagnum
100 _aVovo Felicio
240 1 0 _aA fama do jabuti
_lpor
245 1 0 _aA fama do jabuti
362 0 _a1899
697 _aIJ/FABULAS
942 _cBK
999 _c174221
_d174221